000 00723nam a2200229 a 4500
001 000013322
005 20260303133933.0
008 091123s1986 dr a 000 h spa d
040 _aDO-SdBNP
_bspa
_cBNPHU
082 _aRD867.44
_bP438c
100 1 _aPérez, Mario Emilio,
_d1935-
_922183
245 1 0 _aCuentos de vividores /
_cMario Emilio Pérez.
260 _aSanto Domingo :
_bTaller,
_c1986.
300 _a110 p. :
_bil. ;
_c20 cm.
500 _aIncluye datos biográficos del autor.
650 4 _aSátira dominicana
_922186
650 0 _aHumorismo dominicano
_9275
650 0 _aLiteratura dominicana.
_967
650 0 _aCuentos dominicanos
_9176
910 _aValidado. Control de calidad BNPHU
049 _aBNPD
999 _c12951
_d12951